|
|
|
|
| LEADER |
00846nta a2200217 i 4500 |
| 001 |
dokt7122 |
| 005 |
20220316134847.0 |
| 008 |
220316s1999 hu om 0|| eng d |
| 040 |
|
|
|a SZTE Doktori Repozitórium
|b hun
|
| 041 |
|
|
|a eng
|
| 100 |
1 |
|
|a Somoskövi Ákos
|
| 245 |
1 |
0 |
|a Introduction and evaluation of novel methods for the diagnosis of tuberculosis
|h [elektronikus dokumentum] /
|c Somoskövi Ákos
|
| 260 |
|
|
|c 1999
|
| 502 |
|
|
|a Disszertacio
|
| 650 |
|
4 |
|a klinikai orvostudományok
|
| 650 |
|
4 |
|a Orvos- és egészségtudomány
|
| 650 |
|
4 |
|a Klinikai orvostan
|
| 695 |
|
|
|a Orvostudomány
|
| 700 |
1 |
|
|a Deák Judit
|e ths
|
| 856 |
4 |
0 |
|u https://doktori.bibl.u-szeged.hu/id/eprint/7122/1/1999_somoskovi_akos.pdf
|z Dokumentum-elérés
|
| 856 |
4 |
0 |
|u https://doktori.bibl.u-szeged.hu/id/eprint/7122/2/1999_somoskovi_akos_publikaciok.pdf
|z Dokumentum-elérés
|